000 00921cab a2200265 4500
001 WB3131-84
008 090401t1995 xxu||||| |||| 00| 0 eng d
035 _a(Sirsi) u52084
041 _aeng
245 _aPitfalls of leasehold conversion
260 _c1995
350 _a0
490 _aTimes
_v12 August 1995, 28(2)
520 _aDiscusses the problem of flatowners who are trying to buy the freehold of their block, receiving poor advice from solicitors who have no expertise in leasehold law.
650 _aLANDLORDS
650 _aLEAS
650 _aLEASEHOLD CONVERSION
650 _aLEASEHOLD ENFRANCHISEMENT ADVISORY SERVICE
650 _aLEASEHOLD REFORM, HOUSING AND URBAN DEVELOPMENT ACT 1993
650 _aNEGLIGENCE
690 _aPROPERTY-RESIDENTIAL PROPERTY-RESIDENTIAL LANDLORD AND TENANT-RESIDENTIAL TENANCIES
690 _aPROFESSIONAL PRACTICE
942 _n0
948 _c04/03/1997
999 _c32311
_d32311